| Tag |
First Indicator |
Second Indicator |
Subfields |
| LEADER |
00000nmm a22000001a 4500 |
| 001 |
in00004624513 |
| 006 |
m|||||o||m|||||||| |
| 007 |
cr|cn |||uuuuu |
| 008 |
221118s2012 xxu||||eo|||| ||||||eng d |
| 005 |
20221207221054.5 |
| 035 |
|
|
|a (TxWaIVM)IV9897DyRe
|
| 040 |
|
|
|a TxWaIVM
|c TxWaIVM
|
| 245 |
0 |
0 |
|a Red Sonja #15 /
|c powered by Library Pass.
|
| 260 |
3 |
|
|a [United States] :
|b Dynamite,
|c 2012.
|
| 300 |
|
|
|a 1 online resource.
|
| 336 |
|
|
|a text
|b txt
|2 rdacontent
|
| 337 |
|
|
|a computer
|b c
|2 rdamedia
|
| 338 |
|
|
|a online resource
|b cr
|2 rdacarrier
|
| 520 |
|
|
|a he ultimate Red Sonja story continues by the all-star team of Michael Avon Oeming, Mel Rubi, Brian Buchellato and friends! Kulan Gath continues to weave his evil, world-altering spell as Red Sonja, Suumarro, and Osin and captive King Quillo reach the Hall of the Old Gods! It is in this great Hall that our heroes gather new allies, and Red Sonja makes a fateful decision which will change the way those around her view her forever! This exciting new story arc is presented by the regular creative team of Michael Avon Oeming and artist Mel Rubi - along with "flashback" artist Stephen Sadowski. Includes covers by Steve (Civil War) McNiven, and his Civil War buddies Dexter Vines and his colorist Morry Hollowell. Plus, Jim Balent makes his Red Sonja cover debut!
|
| 521 |
|
|
|a 3
|
| 538 |
|
|
|a Requires a valid library card and registration for new users.
|
| 538 |
|
|
|a Mode of access: World Wide Web.
|
| 538 |
|
|
|a System requirements: Flash 10.1 or higher, Windows XP and higher, Internet Explorer 7 and higher, Firefox 3.6 and higher, Google Chrome; Max OS 10.5 and higher, Safari 4 and higher.
|
| 650 |
|
0 |
|a Fantasy comic books, strips, etc.
|
| 655 |
|
7 |
|a Electronic books.
|2 local
|
| 655 |
|
7 |
|a Fantasy comic books, strips, etc.
|2 gsafd
|
| 650 |
|
0 |
|a Horror comic books, strips, etc.
|
| 655 |
|
7 |
|a Horror comic books, strips, etc.
|2 gsafd
|
| 700 |
1 |
|
|a Oeming, Michael A..
|e writer.
|
| 700 |
1 |
|
|a Carey, Mike.
|e writer.
|
| 700 |
1 |
|
|a Rubi, Mel.
|e artist.
|
| 710 |
2 |
|
|a Library Pass, LLC.
|
| 856 |
4 |
0 |
|u http://proxy.library.tamu.edu/login?url=https://tamu.librarypass.com/product/com.iversecomics.dynamite.red.sonja.fifteen.01302012
|z Connect to this electronic book (First time users create your free account)
|t 0
|
| 955 |
|
|
|a Comics Plus.
|
| 999 |
f |
f |
|s bb231069-1798-4149-8cc1-c77583b8b498
|i 0d16a9cd-2aed-4095-828d-c0e63c258f91
|t 0
|
| 952 |
f |
f |
|a Texas A&M University
|b College Station
|c Electronic Resources
|d Available Online
|t 0
|h Library of Congress classification
|
| 998 |
f |
f |
|t 0
|l Available Online
|